[Event "N4"]
[Site "?"]
[Date "2007.02.12"]
[Round "5"]
[White "Carpentier, Jean-Christophe"]
[Black "Luneau, Gilles"]
[Result "1-0"]
[WhiteElo "2063"]
[BlackElo "1903"]
[EventDate "2006.12.10"]
[PlyCount "83"]

1.e4 c5 2.d4 cxd4 3.c3 dxc3 4.Nxc3 Nc6 5.Nf3 d6 6.Bc4 e6 7.O-O Be7 8.Qe2 
a6 9.a4 Nf6 10.Rd1 Bd7 11.Bg5 Qc7 12.Rac1 Rc8 13.Bd5 Qb8 14.Re1 O-O 15.Ba2
Rfe8 16.Rcd1 Rcd8 17.e5 dxe5 18.Bb1 h6 19.Bh4 Bc8 20.Bg3 Bd6 21.Ne4 Nxe4 
22.Qxe4 f5 23.Qc4 Kh8 24.Bh4 Be7 25.g4 Bxh4 26.Nxh4 Ne7 27.gxf5 exf5 28.
Rxd8 Rxd8 29.Qf7 Qd6 30.Qxe7 Qd2 31.Kf1 Qd5 32.Qxe5 Qh1+ 33.Ke2 Qc6 34.Qc3
Re8+ 35.Kd2 Qd6+ 36.Kc2 Rxe1 37.Qxe1 Qc6+ 38.Kb3 Be6+ 39.Ka3 Qd5 40.Ng6+ 
Kh7 41.Nf8+ Kg8 42.Qxe6+ 1-0

[Event "Coupe France-Gujan-Mestras/Condom"]
[Site "Colomiers"]
[Date "2007.02.18"]
[Round "4"]
[White "Raufaste"]
[Black "Beaurain, Louis"]
[Result "0-1"]
[WhiteElo "1460"]
[BlackElo "1940"]
[EventDate "2007.??.??"]
[PlyCount "92"]

1.d4 d5 2.c4 e6 3.Nc3 c5 4.cxd5 exd5 5.e3 Nf6 6.Nf3 c4 7.Qc2 Nc6 8.a3 a6 
9.e4 dxe4 10.Nxe4 Qe7 11.Nd2 Nxe4 12.Qxe4 Qxe4+ 13.Nxe4 Nxd4 14.Rb1 b5 15.
Be3 Nc2+ 16.Kd2 Nxe3 17.Kxe3 f5 18.Nc3 Bc5+ 19.Ke2 Kf7 20.Nd1 Bb7 21.Kd2 
Rad8+ 22.Kc3 Rhe8 23.f3 Re1 24.Kc2 Kf6 25.Rc1 b4 26.axb4 Bxb4 27.Nc3 Bxc3 
28.bxc3 Rxc1+ 29.Kxc1 Bd5 30.Be2 f4 31.Kc2 Rd6 32.Ra1 g5 33.h3 Be6 34.Rd1 
Bf5+ 35.Kc1 Rxd1+ 36.Kxd1 Be6 37.Kc1 Ke5 38.Kb2 Kd5 39.Ka3 Bf5 40.Kb4 Bd3 
41.Bxd3 cxd3 42.Kb3 Kc5 43.c4 d2 44.Kc2 Kxc4 45.Kxd2 Kd4 46.Kd1 Kd3 0-1

[Event "Ouest Toulousain 2007"]
[Site "?"]
[Date "2007.02.20"]
[Round "3.15"]
[White "Troubat, Nicolas"]
[Black "Muratet, Lucas"]
[Result "0-1"]
[WhiteElo "1962"]
[BlackElo "1808"]
[EventDate "2007.02.19"]
[PlyCount "112"]
[SourceDate "2007.02.20"]

1.e4 c5 2.Nf3 d6 3.Bb5+ Nd7 4.O-O Nf6 5.Re1 a6 6.Bf1 b6 7.c3 Bb7 8.d3 g6 
9.Bf4 Bg7 10.Qd2 O-O 11.Bh6 c4 12.Bxg7 Kxg7 13.Qc2 cxd3 14.Bxd3 Nc5 15.
Nbd2 Nxd3 16.Qxd3 Qc7 17.Qd4 Rfd8 18.h3 Rac8 19.Re3 Qc5 20.c4 b5 21.cxb5 
axb5 22.b4 Qc2 23.Ne1 Qc6 24.f3 Kg8 25.Nb3 e5 26.Qd2 d5 27.Na5 Qb6 28.Nxb7
Qxb7 29.exd5 Rxd5 30.Qe2 Qb6 31.Kh1 Qd6 32.Nd3 Nh5 33.Kg1 Ng3 34.Qe1 Nf5 
35.Nc5 Nxe3 36.Qxe3 Rd1+ 37.Rxd1 Qxd1+ 38.Kh2 Qd4 39.Qxd4 exd4 40.Kg3 Ra8 
41.Kf4 Rxa2 42.g4 Re2 43.Nd3 Kf8 44.h4 Ke7 45.g5 Kd6 46.Kg4 Re3 47.Nf2 Ke6
48.Ne4 Re1 49.Kf4 Rb1 50.Nf2 Rxb4 51.Nd3 Rc4 52.Ke4 f5+ 53.gxf6 Kxf6 54.
Nb2 Rc2 55.Nd3 Rh2 56.Kxd4 Rd2 0-1

[Event "Ouest Toulousain 2007"]
[Site "?"]
[Date "2007.02.24"]
[Round "8.18"]
[White "Canonge, Jérome"]
[Black "Heinzel, Lisette"]
[Result "0-1"]
[WhiteElo "1941"]
[BlackElo "1680"]
[EventDate "2007.02.19"]
[PlyCount "122"]
[SourceDate "2007.02.24"]

1.d4 c5 2.d5 e6 3.c4 Nf6 4.Bg5 exd5 5.cxd5 d6 6.Nc3 Be7 7.e4 Nxd5 8.Qxd5 
Bxg5 9.Bb5+ Nd7 10.Qxd6 Be7 11.Qg3 O-O 12.Rd1 a6 13.Bc4 Qa5 14.Ne2 Nb6 15.
Bb3 c4 16.Bc2 Be6 17.O-O Rad8 18.f4 f5 19.Kh1 fxe4 20.Bxe4 Bd5 21.Nxd5 
Nxd5 22.Nd4 Nc7 23.Nf5 Rxf5 24.Bxf5 Qxf5 25.Qc3 Rxd1 26.Rxd1 Qxf4 27.b3 b5
28.bxc4 Bf6 29.Qb3 Qxc4 30.Qb1 Nd5 31.Rc1 Nc3 32.Qf5 Qc6 33.Qf4 a5 34.Qb8+
Kf7 35.Qa7+ Kg6 36.Qxa5 Qd5 37.Qb4 Nxa2 38.Qg4+ Kh6 39.Rd1 Qh5 40.Qf4+ Qg5
41.Qf3 Nc3 42.Qh3+ Kg6 43.Qd3+ Qf5 44.Qg3+ Kh6 45.Qe3+ g5 46.Re1 b4 47.Qe8
Kg7 48.Ra1 Nb5 49.Rd1 Nd4 50.Ra1 Nc6 51.Rd1 Ne7 52.Qa4 Qf4 53.Qb3 Qc7 54.
Qxb4 Nd5 55.Qb3 Nc3 56.Rf1 Be5 57.h3 Ne2 58.Re1 Ng3+ 59.Kg1 Bd4+ 60.Re3 
Qc1+ 61.Kh2 Nf1+ 0-1

[Event "Ouest Toulousain 2007"]
[Site "?"]
[Date "2007.02.24"]
[Round "8.15"]
[White "Cruzel, Thierry"]
[Black "Iwanesko, Alexandre"]
[Result "0-1"]
[WhiteElo "1982"]
[BlackElo "1842"]
[EventDate "2006.03.11"]
[PlyCount "50"]
[SourceDate "2006.03.12"]

1.d4 Nf6 2.c4 g6 3.Nc3 Bg7 4.Nf3 O-O 5.Bg5 d6 6.e3 Na6 7.Bd3 Qe8 8.O-O e5 
9.Nd2 Nd7 10.Nb3 h6 11.Bh4 g5 12.Bg3 f5 13.f3 f4 14.Bf2 fxe3 15.Bxe3 exd4 
16.Bxd4 Ne5 17.Re1 Qh5 18.Be4 c6 19.Qc2 Be6 20.Nd2 Qf7 21.Bxe5 Bxe5 22.b3 
Qf6 23.Bh7+ Kh8 24.Nde4 Qg7 25.Bg6 Qxg6 0-1

[Event "Ouest Toulousain 2007"]
[Site "?"]
[Date "2007.02.24"]
[Round "8.10"]
[White "Faure, Nicolas"]
[Black "Pastorelli, Loïc"]
[Result "1/2-1/2"]
[WhiteElo "2073"]
[BlackElo "1808"]
[EventDate "2007.02.19"]
[PlyCount "116"]
[SourceDate "2007.02.24"]

1.e4 c5 2.Nf3 Nc6 3.Bb5 e6 4.O-O Nge7 5.Re1 a6 6.Bf1 d5 7.exd5 Nxd5 8.Nc3 
Be7 9.d3 O-O 10.Ne4 Nd4 11.c4 Nb4 12.Nxd4 cxd4 13.Ng3 b5 14.a3 Nc6 15.cxb5
axb5 16.Qg4 f5 17.Qf3 Ra6 18.Qd1 b4 19.Be2 bxa3 20.bxa3 Nb4 21.Bb2 Nc6 22.
Bf3 Qd7 23.Rc1 Bb7 24.Rc4 Bxa3 25.Bxc6 Bxc6 26.Rxd4 Bd5 27.Bxa3 Rxa3 28.
Qc1 Qa7 29.Qe3 Ra1 30.Rxa1 Qxa1+ 31.Nf1 Qa8 32.Rb4 Qe8 33.h3 Qg6 34.Ng3 
Qf6 35.Nh5 Qa1+ 36.Kh2 g6 37.Nf4 Qa5 38.Nxd5 Qxd5 39.Rd4 f4 40.Rxf4 Rxf4 
41.Qxf4 Qxd3 42.Qb8+ Kg7 43.Qc7+ Kh6 44.Qf4+ Kg7 45.Qe5+ Kf7 46.h4 Qd8 47.
Qf4+ Qf6 48.Qxf6+ Kxf6 49.Kg3 Kf5 50.Kf3 h5 51.g3 Ke5 52.g4 Kf6 53.Kf4 e5+
54.Kg3 Ke6 55.f3 Kd5 56.Kf2 Kd4 57.gxh5 gxh5 58.Ke2 e4 1/2-1/2

[Event "Ouest Toulousain 2007"]
[Site "?"]
[Date "2007.02.24"]
[Round "8.7"]
[White "Fournier, Camille"]
[Black "Troubat, Nicolas"]
[Result "0-1"]
[WhiteElo "2095"]
[BlackElo "1962"]
[EventDate "2007.02.19"]
[PlyCount "52"]
[SourceDate "2007.02.24"]

1.d4 d6 2.c4 e5 3.Nf3 e4 4.Ng5 f5 5.Nc3 c6 6.Qb3 Be7 7.Nh3 Bf6 8.Be3 g5 9.
O-O-O Qe7 10.d5 c5 11.Qb5+ Nd7 12.Bxc5 dxc5 13.d6 Qe6 14.Na4 a6 15.Nxc5 
Qe5 16.Nxd7 axb5 17.Nxe5 Bxe5 18.Rd5 Bf6 19.Rxb5 Rxa2 20.Kb1 Ra7 21.e3 Bd7
22.Rc5 b6 23.Rd5 Nh6 24.Be2 Bc6 25.Rd2 Kd7 26.Rc1 Rha8 0-1

[Event "Ouest Toulousain 2007"]
[Site "?"]
[Date "2007.02.24"]
[Round "8.5"]
[White "Lacroix, Romain"]
[Black "Constantin, David"]
[Result "1/2-1/2"]
[WhiteElo "2123"]
[BlackElo "2083"]
[EventDate "2007.02.19"]
[PlyCount "160"]
[SourceDate "2007.02.24"]

1.e4 c5 2.Nc3 e6 3.g3 d5 4.exd5 exd5 5.d4 Nf6 6.Bg5 Bg4 7.Bxf6 Bxd1 8.Bxd8
Bxc2 9.Bg5 cxd4 10.Nb5 Kd7 11.Bh3+ f5 12.Rc1 Bb4+ 13.Bd2 Re8+ 14.Ne2 Bd3 
15.Nxd4 Nc6 16.Bxf5+ Bxf5 17.Nxf5 g6 18.Ne3 d4 19.Nd5 d3 20.Nf6+ Kd6 21.
Nxe8+ Rxe8 22.Rxc6+ Kxc6 23.Bxb4 Rxe2+ 24.Kf1 Rxb2 25.a3 Kb5 26.Kg2 a5 27.
Bf8 Kc4 28.Kf3 Kb3 29.Rc1 Rc2 30.Rd1 Rc8 31.Bh6 Rd8 32.Ke3 Kc2 33.Rd2+ Kc3
34.Bg7+ Kc4 35.f4 b5 36.g4 Rd5 37.Ke4 h5 38.h3 hxg4 39.hxg4 Rd7 40.Be5 b4 
41.axb4 axb4 42.f5 gxf5+ 43.gxf5 Rh7 44.f6 b3 45.Rxd3 Rh4+ 46.Bf4 b2 47.
Rd1 Kb3 48.f7 Rh8 49.Rb1 Rf8 50.Be5 Rxf7 51.Rxb2+ Kc4 52.Rc2+ Kb3 53.Rc3+ 
Kb4 54.Rc8 Rd7 55.Bd4 Re7+ 56.Kd3 Rb7 57.Rc1 Kb5 58.Rc5+ Kb4 59.Rh5 Rf7 
60.Rh1 Rf3+ 61.Be3 Kb5 62.Rc1 Rf5 63.Rb1+ Kc6 64.Rb6+ Kd5 65.Rb4 Rf3 66.
Rb5+ Kc6 67.Rh5 Rf8 68.Kc4 Rf1 69.Rh6+ Kd7 70.Kd5 Rd1+ 71.Bd4 Re1 72.Ra6 
Rc1 73.Rd6+ Kc7 74.Rh6 Rc2 75.Rh7+ Kc8 76.Bc5 Re2 77.Kc6 Kd8 78.Rh8+ Re8 
79.Bb6+ Ke7 80.Bc5+ Kf7 1/2-1/2

[Event "Ouest Toulousain 2007"]
[Site "?"]
[Date "2007.02.25"]
[Round "9.8"]
[White "Iwanesko, Alexandre"]
[Black "Sanchez, Nicolas"]
[Result "1/2-1/2"]
[WhiteElo "1842"]
[BlackElo "2201"]
[EventDate "2007.02.19"]
[PlyCount "61"]
[SourceDate "2007.02.25"]

1.c4 g6 2.Nc3 Bg7 3.d4 d6 4.e4 Nf6 5.Nf3 O-O 6.Be2 Na6 7.O-O e5 8.d5 Nc5 
9.Bg5 a5 10.b3 Bd7 11.a3 h6 12.Bxf6 Bxf6 13.b4 axb4 14.axb4 Rxa1 15.Qxa1 
Nb3 16.Qa2 Nd4 17.Nxd4 exd4 18.Nb5 Re8 19.Bd3 Qb8 20.Ra1 c6 21.dxc6 bxc6 
22.Qa7 Rd8 23.Qxb8 Rxb8 24.Nxd6 Rxb4 25.f4 Rb3 26.Ra7 Be6 27.f5 Rxd3 28.
fxe6 fxe6 29.Ra8+ Kg7 30.Ra7+ Kg8 31.Ra8+ 1/2-1/2

[Event "Ouest Toulousain 2007"]
[Site "?"]
[Date "2007.02.25"]
[Round "9.6"]
[White "Constantin, David"]
[Black "Troubat, Michael"]
[Result "0-1"]
[WhiteElo "2083"]
[BlackElo "2072"]
[EventDate "2007.02.19"]
[PlyCount "92"]
[SourceDate "2007.02.25"]

1.d4 d5 2.Nf3 e6 3.c4 c6 4.e3 f5 5.Ne5 Nf6 6.g4 fxg4 7.Nxg4 Nbd7 8.Bd3 
Nxg4 9.Qxg4 Nf6 10.Qh4 Qe7 11.f4 Bd7 12.Nc3 O-O-O 13.c5 Qf7 14.b4 Be7 15.
Qg3 Nh5 16.Qf2 g5 17.fxg5 Qxf2+ 18.Kxf2 Bxg5 19.e4 Rdf8+ 20.Ke2 Nf4+ 21.
Bxf4 Bxf4 22.Kd1 dxe4 23.Bxe4 e5 24.d5 cxd5 25.Nxd5 Bxh2 26.Kc2 Rf2+ 27.
Kc3 h5 28.a4 Be6 29.b5 Bxd5 30.Bxd5 Rd8 31.Rad1 Kc7 32.a5 h4 33.b6+ axb6 
34.axb6+ Kb8 35.Bxb7 Rxd1 36.Rxd1 Kxb7 37.Rd7+ Kb8 38.c6 Rf8 39.Ra7 e4 40.
Rb7+ Kc8 41.Ra7 h3 42.Rh7 Be5+ 43.Kc4 h2 44.Kd5 Rh8 45.b7+ Kb8 46.c7+ Kxb7
0-1

[Event "Ouest Toulousain 2007"]
[Site "?"]
[Date "2007.02.25"]
[Round "9.5"]
[White "Troubat, Nicolas"]
[Black "Cesbron, Guy"]
[Result "1/2-1/2"]
[WhiteElo "1962"]
[BlackElo "2104"]
[EventDate "2007.02.19"]
[PlyCount "64"]
[SourceDate "2007.02.25"]

1.e4 c5 2.Nf3 Nc6 3.Bb5 Qc7 4.c4 e6 5.Nc3 a6 6.Bxc6 Qxc6 7.Qe2 d6 8.O-O 
Ne7 9.d4 Qc7 10.Rd1 cxd4 11.Nxd4 Nc6 12.Be3 Be7 13.Rac1 O-O 14.b3 Bd7 15.
Qd2 Rfd8 16.Nd5 exd5 17.cxd5 Bf6 18.dxc6 bxc6 19.Bf4 c5 20.Bg5 Bxg5 21.
Qxg5 Qa5 22.Rc2 Re8 23.Nf5 Bxf5 24.Qxf5 Re5 25.Qf4 Rae8 26.Qd2 Qxd2 27.
Rcxd2 Rxe4 28.Kf1 a5 29.Rxd6 c4 30.Rd8 cxb3 31.axb3 Kf8 32.Rxe8+ Rxe8 
1/2-1/2

[Event "Ouest Toulousain 2007"]
[Site "?"]
[Date "2007.02.25"]
[Round "9.2"]
[White "Toulzac, Pierre-Yves"]
[Black "Prié, Eric"]
[Result "1/2-1/2"]
[WhiteElo "2305"]
[BlackElo "2516"]
[EventDate "2007.02.19"]
[PlyCount "184"]
[SourceDate "2007.02.25"]

1.g3 d5 2.Bg2 c6 3.d3 Bg4 4.h3 Bh5 5.Nd2 Nd7 6.Ngf3 e6 7.O-O Bd6 8.e4 Ne7 
9.Qe1 O-O 10.Nh2 Kh8 11.f4 f6 12.Kh1 c5 13.Bf3 Bf7 14.c4 Nc6 15.Qe2 Nd4 
16.Qf2 Nxf3 17.Ndxf3 Qc7 18.b3 Qc6 19.Re1 b5 20.cxb5 Qxb5 21.e5 fxe5 22.
fxe5 Be7 23.Bg5 Bxg5 24.Nxg5 Bg6 25.Qd2 Qb6 26.h4 h6 27.Nh3 Rf5 28.Nf4 Bh7
29.h5 Nxe5 30.Re2 Raf8 31.Rae1 Qd6 32.d4 cxd4 33.Qxd4 Nc6 34.Qd2 e5 35.
Qxd5 Qxd5+ 36.Nxd5 Rxh5 37.Kg2 e4 38.Nf4 Re5 39.Ng4 Ree8 40.Rc2 Ne5 41.
Nxe5 Rxe5 42.Rc7 a5 43.Re3 g5 44.Ne2 Ref5 45.Rcc3 Rf2+ 46.Kh3 h5 47.g4 
R2f3+ 48.Rxf3 exf3 49.Ng3 h4 50.Nf1 Be4 51.Rc5 Bd3 52.Nh2 f2 53.Rxg5 f1=Q+
54.Nxf1 Bxf1+ 55.Kxh4 Ra8 56.Rd5 Be2 57.g5 Kg7 58.Kg3 Bh5 59.a3 Bf7 60.Rb5
a4 61.bxa4 Rxa4 62.Rb6 Rxa3+ 63.Kf4 Ra4+ 64.Kf5 Ra5+ 65.Kf4 Ra1 66.Kf5 
Rf1+ 67.Kg4 Bd5 68.Rf6 Re1 69.Kf5 Be4+ 70.Kf4 Bg6 71.Kg4 Re4+ 72.Kf3 Ra4 
73.Rf4 Bh5+ 74.Kg3 Ra3+ 75.Kh4 Bf7 76.Rf6 Be8 77.Kg4 Bd7+ 78.Kf4 Ra4+ 79.
Kf3 Rg4 80.Rd6 Bf5 81.Rd5 Kg6 82.Re5 Kxg5 83.Re3 Rd4 84.Kg3 Be4 85.Rc3 Kf5
86.Rc5+ Bd5 87.Kf2 Kf4 88.Rc2 Be4 89.Rb2 Rd1 90.Ke2 Bf3+ 91.Kf2 Rh1 92.Rd2
Be4 {Nulle apres encore une quarantaine de coups...} 1/2-1/2

[Event "N4"]
[Site "?"]
[Date "2007.03.18"]
[Round "6"]
[White "Tugaye, Francis"]
[Black "Milnes, Anthony C P"]
[Result "0-1"]
[WhiteElo "2098"]
[BlackElo "2152"]
[EventDate "2007.04.01"]
[PlyCount "34"]

1.d4 f5 2.c4 Nf6 3.e3 e6 4.Bd3 Bb4+ 5.Bd2 Bxd2+ 6.Nxd2 O-O 7.Ne2 d6 8.Qc2 
Nc6 9.a3 e5 10.Bxf5 Bxf5 11.Qxf5 exd4 12.e4 d3 13.Nf4 Nd4 14.Qh3 Nc2+ 15.
Kf1 Nxa1 16.Qxd3 Qe7 17.g3 Nb3 0-1

[Event "N4"]
[Site "?"]
[Date "2007.03.18"]
[Round "6"]
[White "Rouveret Philippe, Ramonville"]
[Black "Hantisse Alain, Colomiers"]
[Result "1/2-1/2"]
[WhiteElo "1830"]
[BlackElo "2020"]
[EventDate "2007.04.01"]
[Annotator ",Michko"]
[PlyCount "82"]

1.d4 c6 2.Nc3 d5 3.Bg5 Bf5 4.e3 Qb6 5.Rb1 Nd7 6.f4 
    ( 6.Bd3 Bxd3 7.cxd3 e5 8.dxe5 Nxe5 9.Nf3 )
6...h5 7.Bd3 Bxd3 8.cxd3 f6 9.Bh4 e5 10.fxe5 fxe5 11.Nge2 Be7 12.Bxe7 Nxe7
13.O-O Nf6 14.Na4 Qc7 15.Nc5 Kf7 16.e4 b6 17.dxe5 Qxe5 18.Nd7 Qd6 19.Nxf6 
gxf6 20.Nf4 Rh6 21.Rc1 Re8 22.Rf3 dxe4 23.Qb3+ Nd5 24.dxe4 Rxe4 25.Nxd5 
cxd5 26.Rd3 Re5 27.Qb5 Rh8 28.Rdc3 Rhe8 29.Qf1 R8e7 30.Rf3 R7e6 31.Qf2 Qb4
32.Rfc3 Re7 33.h3 Re2 34.Qf5 Qh4 35.Qh7+ Ke6 
    ( 35...Kf8 36.Rc8+ Re8 37.Qh8+ Kf7 38.R1c7+ Kg6 
        ( 38...R2e7 39.Qxe8+ )
    39.Rg7+ Kf5 40.Qh7+ Kf4 41.Qh6+ Kf5 42.Qg6+ Kf4 43.g3+ Kf3 44.Qf5+ Ke3
    45.Rc3+ Kd2 46.Qd3+ Ke1 47.Rc1# )
36.Qg8+ 
    ( 36.Rc6+ Kd7 37.Rc7+ Kd8 38.Qg8+ Re8 39.Qxd5# )
36...Ke5 37.Qb8+ Ke6 38.Qg8+ Ke5 39.Qb8+ Kf5 40.Rf3+ 
    ( 40.Rf1+ Ke6 41.Qg8+ Kd6 
        ( 41...Ke5 42.Qf8 Re6 43.Qb8+ Rd6 44.Rc6 Rxg2+ 45.Kxg2 Qe4+ 46.Rf3
        Qe2+ 47.Rf2 Qe4+ 48.Kh2 )
    42.Qd8+ Ke6 43.Qf8 )
40...Kg6 41.Rg3+ Kf5 1/2-1/2

[Event "N4"]
[Site "?"]
[Date "2007.03.18"]
[Round "6"]
[White "Rolle Pascal, Ramonville"]
[Black "Moiseyev Vlas, Colomiers"]
[Result "0-1"]
[WhiteElo "1923"]
[BlackElo "1928"]
[EventDate "2007.04.01"]
[PlyCount "38"]

1.e4 e5 2.c4 Nf6 3.Nc3 Bc5 4.d3 h6 5.g3 d6 6.Nge2 Ng4 7.d4 exd4 8.Nxd4 Qf6
9.Be3 Nxe3 10.fxe3 c6 11.Bg2 O-O 12.a3 a5 13.Qd2 Bg4 14.Rf1 Qg5 15.Qf2 Nd7
16.h3 Ne5 17.Kd2 Bxd4 18.Nd1 Bxd1 19.Kxd1 Bxe3 0-1

[Event "N4"]
[Site "?"]
[Date "2007.03.18"]
[Round "6"]
[White "Partinico, jeremy"]
[Black "Carassus, Jean-Louis"]
[Result "1-0"]
[WhiteElo "1964"]
[BlackElo "1780"]
[EventDate "2007.04.01"]
[PlyCount "75"]

1.e4 c5 2.Nf3 Nc6 3.Bb5 g6 4.O-O Bg7 5.Re1 a6 6.Bf1 d6 7.c3 Nh6 8.d4 O-O 
9.d5 Ne5 10.Nxe5 dxe5 11.Be3 b6 12.h3 Kh8 13.Qd2 Ng8 14.a4 Qc7 15.Na3 Bd7 
16.Nc4 b5 17.d6 exd6 18.Qxd6 Qxd6 19.Nxd6 bxa4 20.Bxc5 Nh6 21.Red1 Bc6 22.
Bc4 f5 23.Bd5 Bxd5 24.exd5 Rfd8 25.Rxa4 Bf8 26.Nb7 Bxc5 27.Nxc5 Rd6 28.Ne6
Nf7 29.c4 Nd8 30.c5 Rd7 31.Nxd8 Rdxd8 32.d6 Rab8 33.c6 Rbc8 34.d7 Rc7 35.
Rxa6 Kg7 36.Rda1 Kf7 37.Ra8 Ke7 38.Rxd8 1-0

[Event "N4"]
[Site "?"]
[Date "2007.03.18"]
[Round "6"]
[White "Ouerk Yanis, Colomiers"]
[Black "Iwanesko Alexandre, Ramonville"]
[Result "0-1"]
[WhiteElo "1950"]
[BlackElo "1842"]
[EventDate "2007.04.01"]
[PlyCount "46"]

1.e4 c5 2.Nf3 e6 3.d4 cxd4 4.Nxd4 a6 5.c4 Nf6 6.Nc3 d6 7.Be2 Be7 8.Be3 
Nbd7 9.f4 Qc7 10.Rc1 b6 11.Bf3 Bb7 12.e5 dxe5 13.Ncb5 axb5 14.cxb5 Qd6 15.
Bxb7 Rb8 16.fxe5 Qxe5 17.Qf3 Bc5 18.Rxc5 Nxc5 19.Nc6 Nd3+ 20.Ke2 Qxb2+ 21.
Kxd3 Qxb5+ 22.Kc2 Rxb7 23.Bf4 Nd5 0-1

[Event "N4"]
[Site "?"]
[Date "2007.03.18"]
[Round "6"]
[White "Huchet François, Ramonville"]
[Black "Lejarre Ludovic, Colomiers"]
[Result "1/2-1/2"]
[WhiteElo "2070"]
[BlackElo "2332"]
[EventDate "2007.04.01"]
[PlyCount "141"]

1.e4 e5 2.Nf3 Nc6 3.Bc4 Nf6 4.d3 Be7 5.O-O O-O 6.Re1 d6 7.a4 Kh8 8.c3 Bg4 
9.h3 Bh5 10.Nbd2 d5 11.exd5 Nxd5 12.Ne4 a6 13.a5 f6 14.Ng3 Bf7 15.Qb3 Qd7 
16.Bd2 Rfd8 17.Qa2 b5 18.axb6 cxb6 19.Qb1 b5 20.Bb3 Bg8 21.Bc2 Bc5 22.Be3 
Nxe3 23.fxe3 Bb6 24.d4 Bc7 25.Ne4 a5 26.Nc5 Qe8 27.Be4 Ra7 28.Qd3 Bc4 29.
Qc2 g6 30.Bd3 Bxd3 31.Qxd3 b4 32.Qc4 e4 33.Nd2 f5 34.Qe6 Bd6 35.Qxe8+ Rxe8
36.Na4 Rae7 37.Nc4 Bg3 38.Rf1 f4 39.Nab6 bxc3 40.bxc3 fxe3 41.Nxe3 Rb7 42.
Nbd5 Kg7 43.Rf6 Ne7 44.Rb6 Rxb6 45.Nxb6 Rb8 46.Nbc4 Rb3 47.Nd1 Nd5 48.Nd2 
Rxc3 49.Nxc3 Nxc3 50.Ra3 Ne2+ 51.Kf1 Bd6 52.Rxa5 Ng3+ 53.Kf2 Bf4 54.Nxe4 
Nxe4+ 55.Kf3 Bc7 56.Ra7 Ng5+ 57.Ke3 Ne6 58.d5 Kg8 59.Ra8+ Nd8 60.Ke4 Kf8 
61.Rc8 Ba5 62.Ke5 Ke7 63.Ra8 Bc7+ 64.Ke4 Nf7 65.Ra6 Nd6+ 66.Kd4 h5 67.g4 
hxg4 68.hxg4 Kd7 69.Ra2 Nf7 70.Ra6 Ne5 71.Re6 1/2-1/2

[Event "N4"]
[Site "?"]
[Date "2007.03.18"]
[Round "6"]
[White "Hervet, Gilles"]
[Black "Lemoine"]
[Result "1/2-1/2"]
[WhiteElo "2090"]
[BlackElo "2132"]
[EventDate "2007.04.01"]
[PlyCount "33"]

1.e4 c5 2.c3 d5 3.exd5 Qxd5 4.d4 e6 5.Nf3 Nf6 6.Be2 Be7 7.Be3 cxd4 8.cxd4 
Nc6 9.Nc3 Qd6 10.O-O O-O 11.Rc1 Ng4 12.Nb5 Qb8 13.Bd2 a6 14.Nc3 Nxd4 15.g3
Nxe2+ 16.Qxe2 f5 17.Nd5 1/2-1/2

[Event "N4"]
[Site "?"]
[Date "2007.03.18"]
[Round "6"]
[White "Genestous Patrick, Colomiers"]
[Black "Guillory Gabriel, Ramonville"]
[Result "1-0"]
[WhiteElo "2190"]
[BlackElo "1990"]
[EventDate "2007.04.01"]
[PlyCount "79"]

1.d4 Nf6 2.c3 d5 3.Bg5 e6 4.Bxf6 Qxf6 5.Nf3 Bd6 6.e3 O-O 7.Be2 c6 8.g4 Nd7
9.h4 e5 10.g5 Qe7 11.dxe5 Nxe5 12.Nxe5 Qxe5 13.Nd2 Bf5 14.Qa4 c5 15.Bf3 
Bd3 16.Qb3 d4 17.cxd4 cxd4 18.Qxd3 dxe3 19.Nc4 Bb4+ 20.Ke2 Qe7 21.fxe3 
Rad8 22.Qe4 Qc5 23.a3 Bd2 24.Rad1 Rfe8 25.Rxd2 Rxd2+ 26.Nxd2 Rxe4 27.Bxe4 
Qb5+ 28.Bd3 Qc6 29.Nf3 g6 30.Rd1 Kf8 31.Rd2 Qe6 32.Kf2 Ke7 33.Be2 a6 34.
Rd4 f5 35.gxf6+ Qxf6 36.a4 Qb6 37.b4 Qc7 38.b5 a5 39.Bd3 Kf6 40.Rf4+ 1-0

[Event "N4"]
[Site "?"]
[Date "2007.03.18"]
[Round "6"]
[White "Carpentier, Jean-Christophe"]
[Black "Rich"]
[Result "1-0"]
[WhiteElo "2063"]
[BlackElo "2049"]
[EventDate "2007.04.01"]
[PlyCount "69"]

1.d4 Nf6 2.c4 e6 3.Nf3 d5 4.Nc3 c5 5.Bg5 cxd4 6.Nxd4 Be7 7.e3 O-O 8.Rc1 e5
9.Nf3 Bg4 10.h3 Bxf3 11.Qxf3 d4 12.exd4 exd4 13.Bxf6 Bxf6 14.Nd5 Bg5 15.
Rd1 Qa5+ 16.b4 Qxa2 17.Bd3 Re8+ 18.Kf1 Nc6 19.Qf5 g6 20.Qxg5 Re5 21.Qh6 
Rxd5 22.cxd5 Nxb4 23.Qd2 Qb3 24.h4 Rc8 25.Rh3 Rc3 26.Rf3 Qxd5 27.Qf4 a5 
28.Be4 Rxf3 29.Bxf3 Qd7 30.Rxd4 Qa4 31.Qb8+ Kg7 32.Qe5+ Kh6 33.g4 Qa1+ 34.
Bd1 f6 35.g5+ 1-0

[Event "N4"]
[Site "?"]
[Date "2007.03.18"]
[Round "6"]
[White "Bunjaku"]
[Black "Camilleri"]
[Result "1-0"]
[WhiteElo "1870"]
[BlackElo "1930"]
[EventDate "2007.04.01"]
[PlyCount "105"]

1.e4 e5 2.Nf3 Nc6 3.Bb5 d6 4.c3 Bd7 5.O-O a6 6.Ba4 Nge7 7.h3 Ng6 8.d4 Be7 
9.d5 Na7 10.Bxd7+ Qxd7 11.Bg5 O-O 12.Bxe7 Qxe7 13.Nbd2 c6 14.c4 c5 15.Nh2 
f5 16.Qb3 b5 17.Qa3 Qb7 18.exf5 Rxf5 19.Ne4 Nc8 20.b3 Ra7 21.Qc1 Qd7 22.
Qe3 Nb6 23.Rac1 Nc8 24.Rc2 b4 25.a4 a5 26.Ng5 Nce7 27.Re1 Nf4 28.Ne4 Rh5 
29.Qg3 Rh6 30.Ng4 Kh8 31.Nxh6 gxh6 32.Qg4 Nf5 33.Nf6 Qc8 34.Nh5 Nxh5 35.
Qxh5 Rg7 36.f4 Ng3 37.Qh4 Nf5 38.Qh5 Ng3 39.Qxh6 Rg6 40.Qh4 Nf5 41.Qh5 e4 
42.Kh2 Ng3 43.Qh4 Nf5 44.Qf2 Ng3 45.Re3 Nh5 46.Rxe4 Qf5 47.Rce2 Rf6 48.
Re8+ Kg7 49.R2e7+ Kh6 50.g3 Ng7 51.Rg8 Nh5 52.Rg5 Qd3 53.g4 1-0

[Event "N4"]
[Site "?"]
[Date "2007.03.18"]
[Round "6"]
[White "Boukhris, Khaled"]
[Black "Chareyre"]
[Result "1-0"]
[WhiteElo "1860"]
[BlackElo "1499"]
[EventDate "2007.04.01"]
[PlyCount "87"]

1.e4 e5 2.Nf3 Nc6 3.Bb5 d6 4.c3 Bd7 5.O-O Nf6 6.Re1 Be7 7.d4 a6 8.Ba4 O-O 
9.d5 Na5 10.Bxd7 Qxd7 11.Qd3 b5 12.Nbd2 Nb7 13.Nf1 Nc5 14.Qc2 h6 15.Ng3 
Bd8 16.Nh4 Nh7 17.Nhf5 Bg5 18.Bxg5 Nxg5 19.h4 Nh7 20.b4 Na4 21.Qd2 Nf6 22.
Nxg7 Qg4 23.N7f5 Qf4 24.Qc2 Kh7 25.Re3 Qg4 26.Rf3 Rg8 27.c4 Nh5 28.cxb5 
Nxg3 29.fxg3 axb5 30.Qxc7 Raf8 31.Qxd6 f6 32.Qd7+ Kh8 33.Qxb5 Qxe4 34.Qxa4
Qxd5 35.Rd1 Qe4 36.Qb3 Rg6 37.a4 Qg4 38.b5 e4 39.Rf4 Qe2 40.Rdf1 Rd8 41.b6
Rd3 42.Qf7 Qh5 43.b7 Rd8 44.Ne7 1-0

[Event "N4"]
[Site "?"]
[Date "2007.03.18"]
[Round "6"]
[White "Amblard Philippe, Colomiers"]
[Black "Jacob Rajna, Ramonville"]
[Result "0-1"]
[WhiteElo "1450"]
[BlackElo "1460"]
[EventDate "2007.04.01"]
[PlyCount "72"]

1.e4 e5 2.Nf3 Nc6 3.Bc4 Bc5 4.d3 Nge7 5.O-O O-O 6.Nc3 d6 7.h3 Be6 8.Bxe6 
fxe6 9.Bg5 Qd7 10.Na4 Nd4 11.Nxc5 Nxf3+ 12.Qxf3 dxc5 13.Qg3 Ng6 14.h4 Qd4 
15.c3 Qd7 16.Rad1 Nf4 17.Qe3 Qd6 18.g3 Nh3+ 19.Kg2 Nxg5 20.hxg5 Rad8 21.
Rh1 Rf7 22.Rd2 c4 23.d4 exd4 24.Rxd4 Qe7 25.Rxc4 Rdf8 26.f4 g6 27.e5 Qd7 
28.Rd4 Qc6+ 29.Qf3 Qb5 30.Qf2 Qxe5 31.Qd2 Qc5 32.Rd7 Qc6+ 33.Kg1 Qxd7 34.
Qg2 Qc6 35.Qh2 Rd8 36.Kf2 Rd2+ 0-1

[Event "N4"]
[Site "?"]
[Date "2007.03.18"]
[Round "6"]
[White "Aznar"]
[Black "Pastorelli, Loic"]
[Result "0-1"]
[WhiteElo "1500"]
[BlackElo "1808"]
[EventDate "2007.04.01"]
[PlyCount "104"]

1.d4 Nf6 2.Nf3 d6 3.e3 Bg4 4.c4 Nc6 5.Be2 e6 6.Nc3 Be7 7.b3 Qd7 8.Bb2 O-O 
9.a3 Rad8 10.Qc2 a6 11.Rd1 Qc8 12.Ne4 Nxe4 13.Qxe4 Bf5 14.Qf4 Bc2 15.Rc1 
Bxb3 16.Qg3 d5 17.c5 Bf6 18.O-O Ne7 19.Bd3 h6 20.Nd2 Ba4 21.e4 dxe4 22.
Nxe4 Bxd4 23.Bxd4 Rxd4 24.Nf6+ Kh8 25.Nh5 Rg8 26.Qe3 Rxd3 27.Qxd3 Bb5 28.
Qd4 Bxf1 29.Kxf1 Qd8 30.Qe3 Nd5 31.Qf3 g6 32.Ng3 Qf6 33.Qd1 Kg7 34.Kg1 Qb2
35.a4 Qe5 36.Rc4 b5 37.axb5 axb5 38.Re4 Qc3 39.Qd4+ Qxd4 40.Rxd4 Ra8 41.h3
Ra1+ 42.Kh2 Rc1 43.Ne4 f5 44.Nd2 Rxc5 45.Nb3 Rc4 46.Rd1 Kf6 47.Nd4 c6 48.
Nb3 Rc2 49.Nd4 Rxf2 50.Nxc6 Rxg2+ 51.Kxg2 Ne3+ 52.Kf3 Nxd1 0-1

[Event "N4 - Loures-Barousse / Condom 3"]
[Site "?"]
[Date "2007.03.18"]
[Round "6"]
[White "Webb, Richard M"]
[Black "Beaurain, Louis"]
[Result "1-0"]
[WhiteElo "2272"]
[BlackElo "1940"]
[EventDate "2007.03.19"]
[PlyCount "55"]

1.e4 e6 2.d4 d5 3.Nd2 Nf6 4.e5 Nfd7 5.f4 c5 6.c3 Nc6 7.Ndf3 Be7 8.Bd3 O-O 
9.Ne2 f5 10.O-O b6 11.h3 cxd4 12.cxd4 a5 13.Rf2 Nb4 14.Bb1 Ba6 15.g4 fxg4 
16.hxg4 Rc8 17.a3 Nc6 18.Nc3 Bb7 19.Rh2 g6 20.f5 Ndxe5 21.dxe5 Bc5+ 22.Kf1
d4 23.Ne4 exf5 24.Ba2+ Kh8 25.Bg5 Ne7 26.Bf6+ Rxf6 27.Nxf6 h5 28.gxh5 1-0

[Event "N4 - Loures-Barousse / Condom 3"]
[Site "?"]
[Date "2007.03.18"]
[Round "6"]
[White "Tauziede, Jean-Pierre"]
[Black "Knecht, Alain"]
[Result "0-1"]
[WhiteElo "1710"]
[BlackElo "2280"]
[EventDate "2007.03.19"]
[PlyCount "52"]

1.b3 d5 2.Bb2 c5 3.e3 Nc6 4.Nf3 Bf5 5.Bb5 a6 6.Be2 Nf6 7.O-O e6 8.c4 dxc4 
9.Bxc4 b5 10.Be2 Bd3 11.Ne5 Nxe5 12.Bxe5 Bd6 13.Bb2 Be7 14.Re1 O-O 15.Bf3 
Ra7 16.Nc3 Rd7 17.Qc1 Qc7 18.Ne2 Rfd8 19.Ng3 Bd6 20.Be2 Be7 21.Bf3 b4 22.
Be2 Bxe2 23.Rxe2 Rd3 24.Qc2 Qd7 25.Rd1 Qb5 26.e4 Rxg3 0-1